000 00582cam a22002053a 4500
001 40648
003 PGUSA
005 20140828083916.0
008 120902s2012||||xxu|||||s|||||000 | eng d
040 _aPGUSA
_beng
042 _adc
100 1 _aVielé, Herman Knickerbocker
245 1 0 _aOn the Lightship
_h[electronic resource] /
_cHerman Knickerbocker Vielé
260 _bProject Gutenberg,
_c2012
506 _aPublic domain in the USA.
516 _aElectronic text
830 0 _aProject Gutenberg
_v40648
856 4 0 _uhttp://www.gutenberg.org/ebooks/40648
942 _cEB
999 _c269901
_d269901